Morceaux de viande du porc - Carte Quiz - Statistiques

Statistiques générales
  • Ce quiz a été pris 129 fois
  • Le résultat moyen est 8 sur 17
Réponses sur la Carte
Les réponses sont colorées sur une échelle allant du rouge au vert en fonction du pourcentage des utilisateurs qui les ont devinées à leur premier essai. Vous pouvez retrouver ces pourcentages ci-dessous.
 
Statistiques - réponses
Réponse % Correct
Jambons
85%
Oreilles
81%
Pattes
75%
Tête
75%
Épaules
68%
Jarrets
66%
Poitrines
57%
Bajoues
45%
Filets mignon
38%
Échines
34%
Travers
28%
Carré de côtes
26%
Côtes filet
23%
Plats de côtes
23%
Filets
15%
Pointes de filet
13%
Palettes
8%
Aucun quiz correspondant
Distribution des résultats
% des personnes avec chaque résultat
Percentile par nombre de réponses
Votre historique - résultats
Vous n’avez pas pris ce quiz